| 000 | 00458cam a2200169ua 4500 | ||
|---|---|---|---|
| 001 | 1519 | ||
| 008 | 110711n ii |||gr||||Z||||||eng | ||
| 040 | _cMAIN | ||
| 082 | _a330.01 | ||
| 100 | 1 | _aMishra, Jitendra Kumar., | |
| 245 |
_aEconomics : _ban introduction to its basic principles. / _cBy Jitendra Kumar Mitra. |
||
| 250 | _a7th. | ||
| 260 |
_aNew Delhi.: _bWorld press.,970. |
||
| 300 |
_axiii, 600 p.: _c23 cm. |
||
| 653 | _aEconomics. | ||
| 942 | _cBK | ||
| 999 |
_c1408 _d1408 |
||